000 00284nam a22001337a 4500
008 171010b xxu||||| |||| 00| 0 eng d
020 _a9780252063206
041 _aeng
080 _a316
100 _a50
101 _aSOC
245 _aNATURAL ALLIES
_cSCOTT.A.F
942 _2udc
_cBK
999 _c32788
_d32788